000 01734cam a22003493a 4500
001 0000721
003 DO-SdBNP
005 20171109122644.0
007 0000721
008 861112 2009 ag ac 000 0 spa d
010 _a
020 _a9789507715730
040 _aBPMSU
_cspa
_dBPMSU
_d
082 4 _a590
_bG943v
245 0 0 _aGuía visual del mundo animal /
_credacción y selección de textos Adriana Cuenca ; ilustraciones Paulo Soverón
260 0 _aBuenos Aires :
_bCultural Librera Americana,
_c2009.
300 _a64 p. :
_bil.,
_c39 cm.
500 _aIncluye glosario.
505 2 _gVertebrados --
_tEl mundo de los animales --
_tLos vertebrados --
_tLos mamíferos --
_tSistemas y estructuras internas --
_tAparato digestivo de un elefante --
_tReproducción --
_tDiversidad de mamíferos --
_tLas aves --
_tSistemas y estructuras --
_tReproducción y nacimiento --
_tDiversidad de aves --
_tLos reptiles --
_tLos anfibios --
_tEstructuras y adaptaciones --
_tDiversidad de anfibios y reptiles --
_tLos peces --
_tReproducción y sistemas internos --
_tDiversidad de peces --
_gInvertebrados --
_tLos invertebrados --
_tLos equinodermos --
_tLos artrópodos --
_tDiversidad de artrópodos --
_tLos moluscos --
_tLos anélidos --
_tLos poríferos y los celenterados --
_tOrganismos simples --
_tGlosario --
600 _a
_x
650 4 _aZOOLOGÍA
650 4 _aANIMALES
_xCLASIFICACIÓN
650 4 _aANIMALES
_xHÁBITOS
650 4 _aVERTEBRADOS
650 4 _aINVERTEBRADOS
700 1 2 _aredacción y selección de textos Adriana Cuenca
700 1 2 _aSoverón, Paulo
_eil.
910 _aValidado. Control de calidad MFF
942 _2ddc
_cBK
945 _aInventariado extranjero / 2017 VM
956 _2YLOCKWARD
_310
_8BPMSU
999 _c11558
_d11558